Regionálne rozdiely nezamestnanosti v SR, ČR a v Poľsku diplomová práca

Uložené v:
Podrobná bibliografia
Hlavný autor: Kačeňáková, Michaela
Korporativný autor: Podnikovohospodárska fakulta EU so sídlom v Košiciach. Katedra hospodárskej informatiky a matematiky
Ďalší autori: Megyesiová, Silvia, 1969-
Médium: Kniha
Jazyk:Slovak
Vydavateľské údaje: Košice 2012
Tagy: Pridať tag
Žiadne tagy, Buďte prvý, kto otaguje tento záznam!

MARC

LEADER 00000nbm a2200000 4500
001 0153172
005 20161109102054.1
041 0 |a slo 
044 |a SK 
245 1 0 |a Regionálne rozdiely nezamestnanosti v SR, ČR a v Poľsku  |b diplomová práca  |c Michaela Kačeňáková ; školiteľ: Silvia Megyesiová 
264 1 |a Košice  |c 2012 
300 |a 82 s. 
100 1 |a Kačeňáková, Michaela 
700 1 |a Megyesiová, Silvia, 1969- 
710 2 |a Podnikovohospodárska fakulta EU so sídlom v Košiciach. Katedra hospodárskej informatiky a matematiky